<?xml version="1.0" encoding="UTF-8"?>
<record
    xmlns:xsi="http://www.w3.org/2001/XMLSchema-instance"
    xsi:schemaLocation="http://www.loc.gov/MARC21/slim http://www.loc.gov/standards/marcxml/schema/MARC21slim.xsd"
    xmlns="http://www.loc.gov/MARC21/slim">

  <leader>00976nam a2200217 i 4500</leader>
  <controlfield tag="001">159341</controlfield>
  <controlfield tag="003">ES-MaACL</controlfield>
  <controlfield tag="005">20250927112035.0</controlfield>
  <controlfield tag="008">040913s1859    be           |||| | fre d</controlfield>
  <datafield tag="040" ind1=" " ind2=" ">
    <subfield code="a">CAM </subfield>
    <subfield code="b">spa </subfield>
    <subfield code="c">CAM</subfield>
  </datafield>
  <datafield tag="245" ind1="0" ind2="0">
    <subfield code="a">M&#xE9;moires anonymes sur les troubles des Pays-Bas, 1565-1580 / </subfield>
    <subfield code="c">avec notice et annotations par J.B. Blaes.</subfield>
  </datafield>
  <datafield tag="260" ind1=" " ind2=" ">
    <subfield code="a">Bruxelles : </subfield>
    <subfield code="b">Soci&#xE9;t&#xE9; de l'Histoire de Belgique, </subfield>
    <subfield code="c">1859 (</subfield>
    <subfield code="f">M. Weissenbruch)</subfield>
  </datafield>
  <datafield tag="300" ind1=" " ind2=" ">
    <subfield code="a">2 v. ; </subfield>
    <subfield code="c">22 cm.</subfield>
  </datafield>
  <datafield tag="490" ind1="1" ind2=" ">
    <subfield code="a">Collection de m&#xE9;moires relatifs a l'histoire de Belgique. XVIe si&#xE8;cle</subfield>
  </datafield>
  <datafield tag="651" ind1=" " ind2="4">
    <subfield code="a">B&#xE9;lgica-</subfield>
    <subfield code="x">Historia-</subfield>
    <subfield code="y">1555-1648.</subfield>
    <subfield code="9">161209</subfield>
  </datafield>
  <datafield tag="651" ind1=" " ind2="0">
    <subfield code="a">Pa&#xED;ses Bajos-</subfield>
    <subfield code="x">Historia-</subfield>
    <subfield code="y">1556-1648 (Guerras de la Independencia)</subfield>
    <subfield code="9">241409</subfield>
  </datafield>
  <datafield tag="700" ind1="1" ind2=" ">
    <subfield code="a">Blaes, Jean Baptiste Fran&#xE7;ois, </subfield>
    <subfield code="d">1833-1861</subfield>
    <subfield code="9">161210</subfield>
  </datafield>
  <datafield tag="830" ind1="0" ind2=" ">
    <subfield code="a">Collection de m&#xE9;moires relatifs a l'histoire de Belgique. XVIe si&#xE8;cle</subfield>
    <subfield code="9">221924</subfield>
  </datafield>
  <datafield tag="852" ind1=" " ind2=" ">
    <subfield code="a">ES-MaACL</subfield>
    <subfield code="j">F-2786 </subfield>
    <subfield code="z">-- Enc. hol. </subfield>
    <subfield code="q">-- S&#xF3;lo t.I (406 p.)</subfield>
  </datafield>
  <datafield tag="999" ind1=" " ind2=" ">
    <subfield code="c">159341</subfield>
    <subfield code="d">159341</subfield>
  </datafield>
  <datafield tag="952" ind1=" " ind2=" ">
    <subfield code="0">0</subfield>
    <subfield code="1">0</subfield>
    <subfield code="4">0</subfield>
    <subfield code="7">0</subfield>
    <subfield code="8">LIBXIX</subfield>
    <subfield code="a">ATENEOM</subfield>
    <subfield code="b">ATENEOM</subfield>
    <subfield code="c">DEPO2</subfield>
    <subfield code="d">2008-01-17</subfield>
    <subfield code="e">SSC</subfield>
    <subfield code="l">0</subfield>
    <subfield code="o">F-2786</subfield>
    <subfield code="p">1166807</subfield>
    <subfield code="r">2023-02-23 00:00:00</subfield>
    <subfield code="w">2023-02-23</subfield>
    <subfield code="y">MONANT</subfield>
  </datafield>
</record>
